000 00753cam a2200193 i 4500
005 20260224102103.0
008 250721s2012 jo gr 000 0 ara d
020 _a9957544594
082 1 4 _a415
_bن و ا
100 1 _aنواصره، راضي محمد عيد
_eمؤلف.
245 1 0 _aموقف جلال الدين السيوطي من المدارس النحوية والقضايا اللغوية /
_cالدكتور راضي محمد عيد نواصرة.
250 _aالطبعة الأولى.
264 3 1 _aعمان :
_bدار الراية للنشر و التوزيع،
_c2012.
300 _a380صفحة.
650 1 7 _aقواعد اللغة.
650 1 7 _aاللغة العربية.
942 _2ddc
_cBK
999 _c126077
_d126077